| 000 | 00678nam a2200205Ia 4500 | ||
|---|---|---|---|
| 003 | IN-BaIIA | ||
| 008 | 211028s9999 xx 000 0 eng d | ||
| 020 | _a2-88124-719-9 | ||
| 040 | _cIIA Library | ||
| 080 |
_a538.3:524 _bGIN |
||
| 100 |
_aGinzburg, V. L. _94051 |
||
| 245 | 0 |
_aApplications of electrodynamics in theoretical physics and astrophysics _cV. L. Ginzburg |
|
| 260 |
_aNew York _bGordon and Breach Science _c1989 |
||
| 300 | _avii, 475p. | ||
| 650 | _aAstronomy and astrophysics thesaurus | ||
| 650 |
_aAstrophysics _9794 |
||
| 650 |
_aElectrodynamics _92319 |
||
| 650 |
_aMathematical physics _91525 |
||
| 942 | _cBK | ||
| 999 |
_c10042 _d10042 |
||